| 000 | 00863pam a2200277 a 4500 | ||
|---|---|---|---|
| 999 |
_c1353 _d1353 |
||
| 001 | 2925393 | ||
| 003 | OSt | ||
| 005 | 20210331171322.0 | ||
| 008 | 890512s1989 nyua 001 0 eng | ||
| 010 | _a 89010207 | ||
| 020 | _a0716760126 | ||
| 040 |
_aDLC _cDLC _dDLC |
||
| 050 | 0 | 0 |
_aQB43.2 _b.L43 1989 |
| 082 | 0 | 0 |
_a520 LED 1995 _220 |
| 100 | 1 |
_aLederman, Leon M.; Schramm, David N. _93584 |
|
| 245 | 1 | 0 |
_aFrom Quarks to the Cosmos: _btools of discovery |
| 260 |
_aNew York : _bW.H. Freeman, _c1989. |
||
| 300 |
_ax, 242 p. : _bill. (some col.) ; _c24 cm. |
||
| 440 | 0 |
_aScientific American Library series ; _vno. 28 _93585 |
|
| 500 | _aIncludes index. | ||
| 650 | 0 |
_aAstronomy. _93586 |
|
| 650 | 0 |
_aParticles (Nuclear physics) _93587 |
|
| 906 |
_a7 _bcbc _corignew _d1 _eocip _f19 _gy-gencatlg |
||
| 942 |
_2ddc _cSLOAN |
||